| 000 | 01343naa a22003017a 4500 | ||
|---|---|---|---|
| 001 | BR8003238 | ||
| 003 | BR-BrBNA | ||
| 005 | 20240918174614.0 | ||
| 007 | ta | ||
| 008 | 230509b bl.||||| |||| 00| 0 por d | ||
| 040 |
_aBR-BrBNA _bpor _cBiblioteca Nacional de Agricultura |
||
| 041 | _a(Pt) | ||
| 072 |
_aL72 _b5200 _b4060 _bG514 |
||
| 090 | _aL72 BR8003238 | ||
| 100 | 1 | _aGuimaraes, M.P. | |
| 111 | 1 |
_a2. Seminario Brasileiro de Parasitologia Veterinaria _cFortaleza, CE (Brazil) _d20 Oct 1980 |
|
| 245 | 1 | _aEpidemiologia e controle das helmintoses de ruminantes no Brasil. Uma revisao critica [Parasito de animal; Verminose] | |
| 260 | 3 |
_aBrasilia, DF (Brasil): _c1980. |
|
| 500 | _aMelo, H.J.H. de; Bianchin, I.; Ribeiro, H.S.; Beck, A.A.H. (eds.) Anais do 2. Seminario Brasileiro de Parasitologia Veterinaria Brasilia, DF (Brasil): 1980. p. 29-40 (BR8003238-AM)L72 | ||
| 650 | _aPraga de animal | ||
| 650 | _aRuminante | ||
| 650 | _aVerminose | ||
| 650 | _aIntestino | ||
| 650 | _aParasito de animal | ||
| 773 | 0 |
_tAnais do 2. Seminario Brasileiro de Parasitologia Veterinaria _aMelo, H.J.H. de; Bianchin, I.; Ribeiro, H.S.; Beck, A.A.H. (eds.). Empresa Brasileira de Pesquisa Agropecuaria, Brasilia, DF _wL72 BR8003238 _gBrasilia, DF (Brasil), 1980. p. 29-40 |
|
| 909 |
_a202404 _bLucia _c55 _dLucia Elande |
||
| 942 |
_cAM _2AGRIS |
||
| 999 |
_c312295 _d312295 |
||